[Event "Pan American-ch School U17 12th"]
[Site "Callao"]
[Date "2023.10.19"]
[Round "7"]
[White "Bedia Cruz, Alexander Santiago"]
[Black "Romero Villarroel, Rodrigo Ever"]
[Result "1-0"]
[WhiteElo "1509"]
[BlackElo "1601"]
[PlyCount "127"]
[EventDate "2023.10.16"]
[EventType "swiss"]
[EventRounds "9"]
[EventCountry "PER"]
[SourceTitle "Mega2024 Update 01"]
[Source "Chessbase"]
[SourceDate "2023.11.12"]
[SourceVersion "1"]
[SourceVersionDate "2023.11.12"]
[SourceQuality "1"]

1. e4 c5 2. Nf3 Nc6 3. d4 cxd4 4. Nxd4 g6 5. c4 Bg7 6. Be3 Nf6 7. Nc3 0-0 8. f3 d6 9. Qd2 Bd7 10. Be2 a6 11. 0-0 Rb8 12. Rac1 Nxd4 13. Bxd4 b5 14. b3 Qa5 15. Rfd1 Rfc8 16. Bxf6 Bxf6 17. Nd5 Qxd2 18. Nxf6+ Kg7 19. Nh5+ gxh5 20. Rxd2 Be6 21. Rdc2 Rb7 22. Kf2 Rbc7 23. Ke3 f5 24. exf5 Bxf5 25. Bd3 Bxd3 26. Kxd3 b4 27. Re1 Kf6 28. Kd4 Rc5 29. Rce2 e5+ 30. Ke4 Ke6 31. Rd2 a5 32. Red1 R5c6 33. Rd5 Rg8 34. g3 h4 35. g4 Ra6 36. c5 dxc5 37. Rxc5 Kf6 38. Rxe5 Rc8 39. Rh5 Kg6 40. Rd2 h6 41. Rxh4 Re6+ 42. Kf4 Rf6+ 43. Kg3 Rc3 44. Rf2 Rfc6 45. Rh5 a4 46. bxa4 Ra3 47. Rb5 Rxa4 48. Rb2 Rc4 49. h4 Rd4 50. Rb6+ Kg7 51. Rc2 Ra7 52. Rc5 Rf7 53. Rcc6 Rdf4 54. Rg6+ Kh7 55. Rxh6+ Kg7 56. Rbg6+ Kf8 57. h5 Rxf3+ 58. Kh4 Rf2 59. Rh8+ Ke7 60. Rb6 Rh2+ 61. Kg3 Rxa2 62. Rb7+ Ke6 63. Rh6+ Rf6 64. Rb6+ 1-0

[Event "Pan American-ch School U17 12th"]
[Site "Callao"]
[Date "2023.10.18"]
[Round "5"]
[White "Bedia Cruz, Alexander Santiago"]
[Black "Reyes Zavaleta, Fabian Ricardo"]
[Result "0-1"]
[WhiteElo "1509"]
[BlackElo "2125"]
[PlyCount "48"]
[EventDate "2023.10.16"]
[EventType "swiss"]
[EventRounds "9"]
[EventCountry "PER"]
[SourceTitle "Mega2024 Update 01"]
[Source "Chessbase"]
[SourceDate "2023.11.12"]
[SourceVersion "1"]
[SourceVersionDate "2023.11.12"]
[SourceQuality "1"]

1. e4 c5 2. Nf3 d6 3. d4 cxd4 4. Nxd4 Nf6 5. Nc3 e6 6. f3 a6 7. g4 h6 8. Be3 b5 9. a3 Nbd7 10. Qd2 Bb7 11. 0-0-0 Rc8 12. h4 d5 13. g5 hxg5 14. Bxg5 b4 15. Nxd5 bxa3 16. Kb1 exd5 17. exd5 Qb6 18. Re1+ Be7 19. b3 Kf8 20. Nf5 Bb4 21. Qe3 a2+ 22. Kxa2 Qa5+ 23. Kb1 Bc3 24. Qe7+ Kg8 0-1

[Event "Pan American-ch School U17 12th"]
[Site "Callao"]
[Date "2023.10.16"]
[Round "2"]
[White "Ayllon Porto, Rodrigo Omar"]
[Black "Bedia Cruz, Alexander Santiago"]
[Result "0-1"]
[WhiteElo "1064"]
[BlackElo "1509"]
[PlyCount "98"]
[EventDate "2023.10.16"]
[EventType "swiss"]
[EventRounds "9"]
[EventCountry "PER"]
[SourceTitle "Mega2024 Update 01"]
[Source "Chessbase"]
[SourceDate "2023.11.12"]
[SourceVersion "1"]
[SourceVersionDate "2023.11.12"]
[SourceQuality "1"]

1. e4 c6 2. d3 d5 3. Nd2 e5 4. Ngf3 Bd6 5. g3 Nf6 6. Bg2 0-0 7. 0-0 Nbd7 8. a3 a5 9. c4 Nc5 10. Ne1 Bg4 11. Bf3 Be6 12. cxd5 cxd5 13. exd5 Bxd5 14. Bxd5 Nxd5 15. Nb3 Qb6 16. Nxc5 Bxc5 17. Qe2 Rae8 18. Nf3 f5 19. Nd2 Kh8 20. Nc4 Qc7 21. Be3 Nxe3 22. Nxe3 f4 23. Nd5 Qd7 24. Qe4 Qh3 25. Qg2 Qd7 26. Qe4 f3 27. Kh1 Qh3 28. Rg1 Bxf2 29. Ne3 Bxg1 30. Rxg1 Rc8 31. Qg4 Qxg4 32. Nxg4 Rc2 33. Nxe5 Rxb2 34. Rf1 Rb3 35. Nd7 Rd8 36. Rxf3 Rxa3 37. Ne5 Kg8 38. Rf7 Re8 39. d4 Rxe5 40. Rxb7 Re2 41. Rb1 Rd3 42. Ra1 Rxd4 43. Rb1 a4 44. Ra1 a3 45. Kg1 Rdd2 46. Kf1 Rf2+ 47. Ke1 Rde2+ 48. Kd1 Rf1+ 49. Kxe2 Rxa1 0-1